Slovensko a Európska únia obchodná politika, vzájomné vzťahy
Uložené v:
| Hlavný autor: | |
|---|---|
| Ďalší autori: | |
| Médium: | Kniha |
| Jazyk: | Slovak |
| Vydavateľské údaje: |
Bratislava
Sprint
1997
|
| Edícia: | Nová ekonómia
|
| Predmet: | |
| Tagy: |
Žiadne tagy, Buďte prvý, kto otaguje tento záznam!
|
MARC
| LEADER | 00000nam a2200000 4500 | ||
|---|---|---|---|
| 001 | c019642 | ||
| 005 | 20221214071806.7 | ||
| 020 | |a 80-88848-11-3 | ||
| 041 | 0 | |a slo | |
| 044 | |a SK | ||
| 245 | 1 | 0 | |a Slovensko a Európska únia |b obchodná politika, vzájomné vzťahy |c Ľubomír Michník, Jozef Šesták |
| 264 | 1 | |a Bratislava |b Sprint |c 1997 | |
| 300 | |a 207 s. | ||
| 490 | 1 | |a Nová ekonómia | |
| 830 | 0 | |a Nová ekonómia | |
| 610 | 2 | 0 | |a vzťahy hospodárske medzinárodné |
| 610 | 2 | 0 | |a Slovensko |
| 610 | 2 | 0 | |a Európska únia |
| 610 | 2 | 0 | |a politika zahraničnoobchodná |
| 610 | 2 | 0 | |a vývoj hospodársky |
| 610 | 2 | 0 | |a liberalizmus |
| 610 | 2 | 0 | |a protekcionizmus |
| 100 | 1 | |a Michník, Ľubomír | |
| 700 | 1 | |a Šesták, Jozef | |